000 00619nam a22002057a 4500
003 OSt
005 20240412112814.0
008 210921b ||||| |||| 00| 0 eng d
020 _a0813806704
040 _cDDC
082 _a597.09 CAR 1977
100 _aEdited by Carlander,Kenneth D.
_916952
245 _aHandbook of Freshwater Fishery Biology
260 _aCanada
_bThe Iowa State University Press
_c1977
300 _avii,431p;
_bill;
_c24cm
504 _aIncludes; bibliographical references and indexes.
650 _aBiology Fish
_95602
650 _aFreshwater
_916953
942 _2ddc
_cO_SHELF
999 _c7258
_d7258